Hindutva parivar / (Record no. 65419)

MARC details
000 -LEADER
fixed length control field 00419nam a22001457a 4500
005 - DATE AND TIME OF LATEST TRANSACTION
control field 20180726132556.0
020 ## - INTERNATIONAL STANDARD BOOK NUMBER
International Standard Book Number 817648461X
Terms of availability 00.00
035 ## - SYSTEM CONTROL NUMBER
System control number B-91410, B-091409
037 ## - SOURCE OF ACQUISITION
Stock number DPL
Source of stock number/acquisition ENG
100 ## - MAIN ENTRY--PERSONAL NAME
Personal name Chitkara, M.G.
245 ## - TITLE STATEMENT
Title Hindutva parivar /
Statement of responsibility, etc by M.G. Chitkara
260 ## - PUBLICATION, DISTRIBUTION, ETC. (IMPRINT)
Place of publication, distribution, etc New Delhi
Name of publisher, distributor, etc A P H Publishing Corporation
Date of publication, distribution, etc 2003
300 ## - PHYSICAL DESCRIPTION
Extent xi, 259p.
Dimensions 20 cms.
942 ## - ADDED ENTRY ELEMENTS (KOHA)
Source of classification or shelving scheme Dewey Decimal Classification
Item type English Books
Classification part 305.89143
Call number suffix CHI
Holdings
Withdrawn status Lost status Not for loan Collection code Home library Current library Date acquired Cost, normal purchase price Full call number Barcode Cost, replacement price Koha item type Source of acquisition
      Non-fiction Patel Nagar Patel Nagar 26/07/2018 495.00 305.89143 CHI B-091409 495.00 English Books BPPD/PUB
      Non-fiction Sarojini Nagar Sarojini Nagar 21/04/2012 0.00 305.89143 CHI B-91410 0.00 English Books  

© Delhi Public Library
Hit Counter
free hit counter